<?xml version="1.0" encoding="UTF-8"?>
<record
    xmlns:xsi="http://www.w3.org/2001/XMLSchema-instance"
    xsi:schemaLocation="http://www.loc.gov/MARC21/slim http://www.loc.gov/standards/marcxml/schema/MARC21slim.xsd"
    xmlns="http://www.loc.gov/MARC21/slim">

  <leader>00565cam a22001815i 4500</leader>
  <datafield tag="999" ind1=" " ind2=" ">
    <subfield code="c">107106</subfield>
    <subfield code="d">107106</subfield>
  </datafield>
  <controlfield tag="001">20111672</controlfield>
  <controlfield tag="005">20180828102400.0</controlfield>
  <controlfield tag="008">170626s2017    ii            000 0 eng d</controlfield>
  <datafield tag="020" ind1=" " ind2=" ">
    <subfield code="a">9789352644391</subfield>
  </datafield>
  <datafield tag="020" ind1=" " ind2=" ">
    <subfield code="a">9352644395</subfield>
  </datafield>
  <datafield tag="040" ind1=" " ind2=" ">
    <subfield code="c">PK-LaUMT</subfield>
  </datafield>
  <datafield tag="082" ind1="0" ind2="4">
    <subfield code="a">320.9581</subfield>
    <subfield code="2">23</subfield>
    <subfield code="b">BHA-G</subfield>
  </datafield>
  <datafield tag="100" ind1="1" ind2=" ">
    <subfield code="a">Bhattacherjee, Kallol</subfield>
  </datafield>
  <datafield tag="245" ind1="1" ind2="4">
    <subfield code="a">The great game in Afghanistan :</subfield>
    <subfield code="b">Rajiv Gandhi, General Zia and the unending war /</subfield>
    <subfield code="c">Kallol Bhattacherjee</subfield>
  </datafield>
  <datafield tag="260" ind1=" " ind2=" ">
    <subfield code="a">Uttar Pradesh :</subfield>
    <subfield code="b">HarperCollins Publishers India,</subfield>
    <subfield code="c">2017</subfield>
  </datafield>
  <datafield tag="300" ind1=" " ind2=" ">
    <subfield code="a">xxvii, 300 p. ;</subfield>
    <subfield code="c">22 cm</subfield>
  </datafield>
  <datafield tag="942" ind1=" " ind2=" ">
    <subfield code="c">BK</subfield>
  </datafield>
  <datafield tag="952" ind1=" " ind2=" ">
    <subfield code="0">0</subfield>
    <subfield code="1">0</subfield>
    <subfield code="4">0</subfield>
    <subfield code="7">0</subfield>
    <subfield code="a">01</subfield>
    <subfield code="b">01</subfield>
    <subfield code="d">2018-08-28</subfield>
    <subfield code="l">7</subfield>
    <subfield code="o">320.9581 BHA-G</subfield>
    <subfield code="p">122568</subfield>
    <subfield code="r">2023-12-11 00:00:00</subfield>
    <subfield code="s">2023-12-06</subfield>
    <subfield code="w">2018-08-28</subfield>
    <subfield code="y">BK</subfield>
  </datafield>
</record>
